000 01575nam a22004934i 4500
003 PE-LiUPU
005 20250731172857.0
008 960612s1984 ck 000 1 spa d
020 _a8482809032
020 _a9788482809038
035 _a(Sirsi) i9788482809038
040 _aBPT
_bspa
_cBPT
_dOCL
_dDIBAM
_dOCLCQ
_dPE-LiUPU
_erda
041 1 _aspa
_heng
049 _aPRUA
082 4 _a222
_bU77
_220
100 1 _aUris, Leon,
_eautor.
245 1 0 _aExodo /
_cLeón Uris.
264 1 _aBogota :
_bEditorial La Oveja Negra Ltda.,
_c1984.
300 _a668 páginas ;
_c20 centímetros.
336 _atext
_2rdacontent
337 _aunmediated
_2rdamedia
338 _avolume
_2rdacarrier
490 0 _aBest sellers ;
_v3
505 0 _aDoy las gracias.
526 _aSEG42
526 _aSEG41
526 _aSEG40
526 _aSEG39
526 _aP94
526 _aP87
526 _aP86
526 _aP85
526 _aP77
526 _aP76
526 _aP35
534 _pTítulo original :
_tExodus.
910 _ajck
_bncf
_cncf
_d20161005
942 _2ddc
_cBOOK
949 _a222 U77
_wDEWEY
_c1
_i74825
_lCCODEBUL1
_mBUL
_p7.49
_r0
_sY
_tBOOK
_u2016-10-5
_xTEOLOGIA
_PP35
_0COMPRA
_o.STAFF. Colección Teología
994 _aC0
_bPEPRU
596 _a1
999 _a222 U77
_wDEWEY
_c12874
_i74825
_d12874
_e2017-5-10
_f2021-11-9
_g5
_lCCODEBUL1
_mBUL
_n1
_p7.49
_q2
_r0
_sY
_tBOOK
_u2016-10-5
_xTEOLOGIA
_PP35
_0COMPRA
_o.STAFF. Colección Teología
980 _81
_gALBERTO SANCHEZ Responsable de Automatización